Sleep Token Charting Songs (Billboard Hot Rock) - Statistics

General Stats
  • This quiz has been taken 110 times
    18 since last reset
  • The average score is 14 of 17
Answer Stats
Album Weeks On Peak Artist(s) Song % Correct
Even in Arcadia 41 Weeks #6 Sleep Token Caramel
100%
Even in Arcadia 20 Weeks #7 Sleep Token Emergence
100%
Take Me Back to Eden 2 Weeks #29 Sleep Token Take Me Back to Eden
100%
Even in Arcadia 7 Weeks #14 Sleep Token Even in Arcadia
93%
Even in Arcadia 7 Weeks #15 Sleep Token Look to Windward
93%
Even in Arcadia 19 Weeks #11 Sleep Token Damocles
86%
Even in Arcadia 8 Weeks #19 Sleep Token Gethsemane
86%
Take Me Back to Eden 1 Week #38 Sleep Token Granite
86%
Take Me Back to Eden 20 Weeks #22 Sleep Token The Summoning
86%
Take Me Back to Eden 1 Week #37 Sleep Token Chokehold
79%
Even in Arcadia 4 Weeks #24 Sleep Token Infinite Baths
79%
Even in Arcadia 6 Weeks #20 Sleep Token Provider
79%
Take Me Back to Eden 1 Week #36 Sleep Token Rain
79%
Even in Arcadia 11 Weeks #11 Sleep Token Dangerous
71%
Even in Arcadia 7 Weeks #17 Sleep Token Past Self
71%
Take Me Back to Eden 1 Week #33 Sleep Token Ascensionism
64%
Take Me Back to Eden 1 Week #41 Sleep Token The Apparition
64%
No matching quizzes found
Score Distribution
Percent of People with Each Score
Percentile by Number Answered
Your Score History
You have not taken this quiz since the last reset